000 00832cam a2200301 4500
001 6227
003 BD-RjUL
005 20211208234217.0
008 140109s1970 enkaf b 001 0 eng d
020 _a0140205241
035 _a(BD-RjUL)6267
040 _aDLC
_cDLC
_dDLC
_d(BD-RjUL)
_beng
041 _aeng
082 0 0 _a651.8
_bHOE
100 1 _aHollingdale, S. H.
_919581
245 1 0 _aElectronic computers /
_c[by] S. H. Hollingdale and G. C. Tootill.
250 _aRevised ed.
260 _aHarmondsworth /
_bPenguin,
_c1970.
300 _a377 p.,
_billus.
_c19 cm.
350 _a10/-
490 0 _aPelican books
504 _aBibliography: p. 362-[364].
650 0 _aComputers.
_919582
700 1 _aTootill, G. C.,
_ejoint author.
_919583
942 _2ddc
_cBK
999 _c6227
_d6227